مكتبة جامعة عجلون الوطنية

فهرس بحث المكتبة

Normal view MARC view
  • العملاء -ادارة المبيعات-التسويق

Entry Topical Term

Number of records used in: 1

001 - CONTROL NUMBER

  • control field: 33977

003 - CONTROL NUMBER IDENTIFIER

  • control field: JO-AjAnu

005 - DATE AND TIME OF LATEST TRANSACTION

  • control field: 20230606075708.0

008 - FIXED-LENGTH DATA ELEMENTS

  • fixed length control field: 230606|| aca||aabn | a|a d

040 ## - CATALOGING SOURCE

  • Original cataloging agency: JO-AjAnu
  • Transcribing agency: JO-AjAnu

150 ## - HEADING--TOPICAL TERM

  • Topical term or geographic name entry element: العملاء -ادارة المبيعات-التسويق

670 ## - SOURCE DATA FOUND

  • Source citation: Work cat.: (JO-AjAnu)17451: اعداد:عماد الحداد, author 33976, كيف تهتم بالعميل وتحافظ على ولائه؟